| 000 | 00684nam a22002537a 4500 | ||
|---|---|---|---|
| 005 | 20171120114944.0 | ||
| 008 | 170330b xxu||||| |||| 00| 0 spa d | ||
| 020 | _a9789682471230 | ||
| 041 | _aeng | ||
| 082 | _a1.4.23 H329m | ||
| 100 |
_aHartjen, Henry _944584 |
||
| 245 | _aEl manejo de restaurantes:guía para gerentes y propietarios | ||
| 260 | _aMéxico | ||
| 260 | _bLimusa | ||
| 260 | _c2006 | ||
| 650 |
_aADMINISTRACIÓN DE RESTAURANTES _941763 |
||
| 650 |
_aRESTAURANTERÍA _941764 |
||
| 650 |
_aADMINISTRACIÓN DE PERSONAL _9171 |
||
| 650 |
_aBAR _91702 |
||
| 650 |
_aBODEGA _932785 |
||
| 650 |
_aCÁMARA FRÍA _944585 |
||
| 650 |
_aCOMEDOR _95246 |
||
| 942 | _cBK | ||
| 999 |
_c9971 _d9971 |
||